| 000 | 01108cam a2200265 i 4500 | ||
|---|---|---|---|
| 003 | SA-RiAUC | ||
| 005 | 20250224090526.0 | ||
| 008 | 250121s1974 su a g 000 0 ara c | ||
| 040 |
_aSA-JeALM _bara _cSA-RiAUC _erda |
||
| 043 | _aa-su--- | ||
| 082 | 0 | 4 | _a378.009531 |
| 090 |
_a378.009531 _b ج ا م |
||
| 110 | 2 |
_aجامعة الإمام محمد بن سعود الإسلامية _eمؤلف. |
|
| 245 | 1 | 2 |
_aالكتاب السنوي / _cجامعة الإمام محمد بن سعود الإسلامية. |
| 264 | 1 |
_aالرياض : _bجامعة الإمام محمد بن سعود الإسلامية، _c1974 |
|
| 300 |
_a1 مجلد : _bإيضاحيات |
||
| 336 |
_aنص _btxt _2rdacontent _3كتاب |
||
| 337 |
_aبدون وسيط _bn _2rdamedia |
||
| 338 |
_aمجلد _bnc _2rdacarrier |
||
| 610 | 2 | 7 |
_aجامعة الإمام محمد بن سعود الإسلامية _2aucnm |
| 650 | 7 |
_aالجامعات والكليات _zالسعودية _2aucsh |
|
| 650 | 7 |
_aالتعليم الجامعي _zالسعودية _2aucsh |
|
| 942 |
_2ddc _cBOOK _n0 |
||
| 949 |
_aSA-JeALM _d250121 _umohamedma123 _n1 |
||
| 999 |
_c6199 _d6199 |
||